| 000 | 00376nam a22001457a 4500 | ||
|---|---|---|---|
| 020 | _a9814126545 | ||
| 040 | _cNust | ||
| 082 |
_a621.3825 _bPRA |
||
| 100 |
_aTimothy Pratt _9125246 |
||
| 245 | _aSatellite communications | ||
| 250 | _a2nd Edition | ||
| 260 |
_aNew York: _bJohn Wiley and sons Inc, _c2002. |
||
| 650 |
_aSatellite communications _963756 |
||
| 942 |
_2ddc _cBK |
||
| 999 |
_c611015 _d611015 |
||